|
|
|
|
| LEADER |
01204nam a22002171a 4500 |
| 020 |
|
|
|a 9788170416135
|
| 082 |
|
|
|a 301.095 4
|b VSU/C
|
| 245 |
|
|
|a Contemporary Indian society /
|c by V S Upadhyaya (ed.)
|
| 260 |
|
|
|a New Delhi:
|b Anmol,
|c 1992.
|
| 300 |
|
|
|a 250p.
|
| 650 |
|
|
|a Society India
|9 148673
|
| 650 |
|
|
|a Social Science
|9 148674
|
| 700 |
|
|
|a V P Sharma (ed.)
|9 148675
|
| 700 |
|
|
|a V S Upadhyaya (ed.)
|9 148676
|
| 942 |
|
|
|c BK
|
| 999 |
|
|
|c 8993
|d 8993
|
| 952 |
|
|
|0 0
|1 0
|4 0
|6 301_095000000000000_4_VSU_C
|7 0
|9 13247
|a SSUS
|b SSUS
|d 2015-01-08
|g 300.00
|o 301.095 4 VSU/C
|p 014530
|r 2015-01-08
|v 0.00
|w 2015-01-08
|y BK
|
| 952 |
|
|
|0 0
|1 0
|4 0
|6 301_095000000000000_4_VSU_C
|7 0
|9 13248
|a SSUS
|b SSUS
|d 2015-01-08
|g 300.00
|o 301.095 4 VSU/C
|p 015142
|r 2015-01-08
|v 0.00
|w 2015-01-08
|y BK
|
| 952 |
|
|
|0 0
|1 0
|4 0
|6 301_095000000000000_4_VSU_C
|7 0
|9 13249
|a SSUS
|b SSUS
|d 2015-01-08
|g 300.00
|o 301.095 4 VSU/C
|p 024076
|r 2015-01-08
|v 0.00
|w 2015-01-08
|y BK
|
| 952 |
|
|
|0 0
|1 0
|4 0
|6 301_095000000000000_4_VSU_C
|7 0
|9 13250
|a SSUS
|b SSUS
|d 2015-01-08
|g 350.00
|o 301.095 4 VSU/C
|p 024273
|r 2015-01-08
|v 0.00
|w 2015-01-08
|y BK
|
| 952 |
|
|
|0 0
|1 0
|4 0
|6 301_095000000000000_4_VSU_C
|7 0
|9 13251
|a SSUS
|b SSUS
|c STACKS
|d 2018-10-12
|g 300.00
|o 301.095 4 VSU/C
|p 092174
|r 2018-10-12
|w 2018-10-12
|y BK
|